Study on skin diseases and parasites of crocodiles (crocodylus siamensiss), ការសិក្សាលើជំងឺស្បែក និបរាសិតរបស់ក្រពើ (Record no. 2362)
[ view plain ]
| 000 -LEADER | |
|---|---|
| fixed length control field | 00545nam a22001337a 4500 |
| 040 ## - CATALOGING SOURCE | |
| Transcribing agency | RUA |
| 082 ## - DEWEY DECIMAL CLASSIFICATION NUMBER | |
| Classification number | AVM HOR 2010 B064 Or.1 |
| 100 ## - MAIN ENTRY--AUTHOR NAME | |
| Personal name | HOR, SOURLOING. |
| 245 ## - TITLE STATEMENT | |
| Title | Study on skin diseases and parasites of crocodiles (crocodylus siamensiss), ការសិក្សាលើជំងឺស្បែក និបរាសិតរបស់ក្រពើ |
| 260 ## - PUBLICATION, DISTRIBUTION, ETC. (IMPRINT) | |
| Place of publication | Phnom Penh |
| Name of publisher | RUA |
| Year of publication | 2010 |
| 300 ## - PHYSICAL DESCRIPTION | |
| Number of Pages | vii; 52p. |
| Other physical details | ill. |
| Dimensions | 29cm. |
| 856 ## - ELECTRONIC LOCATION AND ACCESS | |
| Uniform Resource Identifier | https://drive.google.com/file/d/1UoCEmyz3_Z4ZzaRBao4A6G8zq2WeO5vn/view?usp=sharing |
| 942 ## - ADDED ENTRY ELEMENTS (KOHA) | |
| Koha item type | AVM |
No items available.